000 00381nam a2200133Ia 4500
008 100328s9999 xx 000 0 und d
082 _b17086
100 _aगुरुदत्त
245 _aप्रतिशोध
260 _bराजपाल अॅन्ड सन्स
630 _aप्रतिशोध
730 _aप्रतिशोध
942 _cBOOK
999 _c511714
_d511711